000 01134cam a2200301 a 4500
999 _c127858
_d127858
001 3924975
003 ARRUPE
005 20180405113834.0
008 921103s1993 nyuab b 001 0 eng
010 _a 92041530
020 _a0393962067 (cloth)
040 _aDLC
_cDLC
_dDLC
043 _ae------
050 0 0 _aCB-245-1
082 0 0 _a909/.09821
_220
100 1 _aLerner, Robert E.
_941301
245 1 0 _aWestern civilizations, their history and their culture /
_cRobert E. Lerner, Standish Meacham, Edward McNall Burns.
250 _a12th ed.
260 _aNew York :
_bNorton,
_cc1993.
300 _axvii, 1092, xxviii p. :
_bill. (some col.), maps (some col.) ;
_c25 cm.
504 _aIncludes bibliographical references and index.
650 0 _aCivilization, Western.
_924069
651 0 _aEurope
_xCivilization.
_918803
700 1 _aMeacham, Standish.
_941302
700 1 _aBurns, Edward McNall,
_d1897-
_941303
906 _a7
_bcbc
_corignew
_d1
_eocip
_f19
_gy-gencatlg
942 _2lcc
_cMONOGRAPH